[Event "Granada Region-ch Seniors"]
[Site "Granada"]
[Date "2013.??.??"]
[Round "4.4"]
[White "Pavon Roldan, Antonio"]
[Black "Chico Rodriguez, Agustin"]
[Result "1/2-1/2"]
[WhiteElo "1548"]
[BlackElo "1505"]
[PlyCount "120"]
[EventDate "2013.01.08"]
[EventType "swiss"]
[EventRounds "6"]
[EventCountry "ESP"]
[SourceTitle "EXT 2024"]
[Source "ChessBase"]
[SourceDate "2023.10.10"]
[SourceVersion "1"]
[SourceVersionDate "2023.10.10"]
[SourceQuality "1"]

1. d4 d5 2. c4 c6 3. Nc3 Nf6 4. Bf4 g6 5. Qd2 Bg7 6. Nf3 0-0 7. h3 dxc4 8. g4 b5 9. g5 Nd5 10. e4 Nxf4 11. Qxf4 Bxd4 12. 0-0-0 c5 13. Nxd4 cxd4 14. Nxb5 Nc6 15. Bxc4 Qb6 16. Qc7 Qc5 17. b3 Qxg5+ 18. Kb1 Qc5 19. Nxd4 Be6 20. Bxe6 fxe6 21. Qxc6 Qa3 22. Qxe6+ Kg7 23. Nf5+ gxf5 24. Rhg1+ Kh8 25. Rd7 Rae8 26. Qe5+ Rf6 27. Rgd1 fxe4 28. Rd8 Rxd8 29. Rxd8+ Kg7 30. Rd7 Kf7 31. Qd5+ Re6 32. Qh5+ Kg7 33. Qf5 Rg6 34. Qe5+ Kf7 35. Qh5 Kf6 36. Qh4+ Ke6 37. Rd1 Ke5 38. Qxh7 Rf6 39. Re1 Qb4 40. Qh5+ Rf5 41. f4+ Ke6 42. Qg6+ Rf6 43. Rxe4+ Qxe4+ 44. Qxe4+ Kf7 45. Qh7+ Ke6 46. f5+ Rxf5 47. Qxf5+ Kxf5 48. Kc2 e5 49. Kd3 Kf4 50. h4 Kf5 51. h5 e4+ 52. Kc4 e3 53. h6 e2 54. h7 e1Q 55. h8Q Qe6+ 56. Kb4 Qb6+ 57. Kc4 Qe6+ 58. Kb4 Qb6+ 59. Ka3 Qa5+ 60. Kb2 Qd2+ 1/2-1/2